Missing Word: 'K' Song Endings Quiz Stats

 Plays Quiz Updated Mar 23, 2018

Challenge
Share
Tweet
Embed
Score 0/20 Timer 03:00
1 Play Today
Song Missing Word % Correct
A View To A _____Kill
90.7%
On Bended _____Knee
90.6%
I'm Not My Brother's _____Keeper
87.6%
Cruel To Be _____Kind
86.5%
Alive And _____Kicking
84%
Mack The _____Knife
83.1%
Playing For _____Keeps
82.6%
From A Jack To A _____King
79.2%
Rock and Roll, Hoochie _____Koo
78.3%
I Should Have _____Known
64.6%
Song Missing Word % Correct
Heaven _____Knows
60.8%
Pumped Up _____Kicks
60.4%
Who _____Knew
59.4%
The White _____Knight
56.5%
Last _____Kiss
52.3%
What's The Frequency, _____?Kenneth
50.3%
I Hear You _____Knocking
45.2%
Slip _____Kid
40.9%
Being for the Benefit of Mr. _____!Kite
38.7%
Brand New _____Key
37.9%

Today's Daily Dose

You're not logged in!

Compare scores with friends on all Sporcle quizzes.
OR
Log In

You Might Also Like...

Show Comments

Extras

Top Quizzes Today


Score Distribution

Your Account Isn't Verified!

In order to create a playlist on Sporcle, you need to verify the email address you used during registration. Go to your Sporcle Settings to finish the process.

Report this User

Report this user for behavior that violates our Community Guidelines.

Details: